000 01333cam a2200385 a 4500
001 3036175
003 OSt
005 20210419054137.0
008 951226r19961982cau 000 0 eng
010 _a 95053777
020 _a0156003996
040 _aDLC
_cDLC
_dDLC
050 0 0 _aRD39
_b.S437 1996
080 _a61(09)
_bS-45
082 0 0 _a617
_220
100 1 _aSelzer, Richard,
_d1928-2016.
245 1 0 _aLetters to a young doctor /
_cby Richard Selzer ; with a new preface by the author.
250 _a1st Harvest ed.
260 _aSan Diego :
_bHarcourt Brace,
_c[1996]
300 _a205 p. ;
_c21 cm.
365 _b12 usd
490 0 _aA Harvest book
500 _aOriginally published: New York : Simon & Schuster, c1982.
650 0 _aSurgery.
650 0 _aMedicine.
650 0 _aResidents (Medicine)
653 _aმედიცინა
653 _aქირურგია
653 _aრეზიდენტურის სტუდენტები
653 _aგანათლება
856 4 2 _3Publisher description
_uhttp://www.loc.gov/catdir/description/har041/95053777.html
906 _a7
_bcbc
_corignew
_d1
_eocip
_f19
_gy-gencatlg
942 _2udc
_cBK
_e1
999 _c237
_d237